书目信息 |
| 题名: |
文化娱乐大全
|
|
| 作者: | ;浙江人民出版社 编 | |
| 分册: | ||
| 出版信息: | 杭州 浙江人民出版社 1984 |
|
| 页数: | 519页 | |
| 开本: | 19cm | |
| 丛书名: | ||
| 单 册: | ||
| 中图分类: | G241.3 | |
| 科图分类: | ||
| 主题词: | 文娱活动--手册 , 群众文化--文化事业 | |
| 电子资源: | ||
| ISBN: | ||
| 000 | 00699nam0 2200253 45 | |
| 001 | 0184014172 | |
| 005 | 20040426170024.0 | |
| 010 | @dCNY1.46 | |
| 091 | @a7103.1287 | |
| 100 | @a19950127d1984 em y0chiy0121 ea | |
| 101 | 0 | @achi |
| 102 | @aCN@b330000 | |
| 105 | @ay g 000yy | |
| 106 | @ar | |
| 200 | 10 | @a文化娱乐大全@Awen hua yu le da quan@f浙江人民出版社编 |
| 210 | @a杭州@c浙江人民出版社@d1984 | |
| 215 | @a519页@d19cm | |
| 606 | @a文娱活动@x手册 | |
| 606 | 0 | @a群众文化@x文化事业 |
| 690 | @aG241.3 | |
| 711 | 02 | @a浙江人民出版社@Azhe jiang ren min chu ban she@4编 |
| 801 | 0 | @aCN@b上海图书馆@c20040426 |
| 801 | 2 | @aCN@bNLC@c20040426 |
| 905 | @f1@b110050@dG241.3@e4@b110047-048@f2 | |
| 文化娱乐大全/浙江人民出版社编.-杭州:浙江人民出版社,1984 |
| 519页;19cm |
| ISBN :CNY1.46 |
| ● |
| 相关链接 |
|
|
|
|
正题名:文化娱乐大全
索取号:G241.3/4
 
预约/预借
| 序号 | 登录号 | 条形码 | 馆藏地/架位号 | 状态 | 备注 |
| 1 | 0110047 | 001586199 | 第四借阅区/ [索取号:G241.3/4] | 在馆 | |
| 2 | 0110048 | 000498438 | 第四借阅区/ [索取号:G241.3/4] | 在馆 | |
| 3 | 0110050 | 001586867 | 第四借阅区/ [索取号:G241.3/4] | 在馆 |